Os dez mandamentos dos contos (Registo nº 26642)

Detalhes MARC
000 -Etiqueta do registo
campo de controlo de comprimento fixo 005850000a22001930004500
001 - Identificador do registo
Campo de controlo 26642
010 ## - ISBN
Número (ISBN) 989-618-018-0
100 ## - Dados Gerais de Proc.
Dados gerais de processamento 20080523d2005 m y0pory5003 ba
101 0# - Língua da publicação
Língua do texto, banda sonora, etc. Português
102 ## - País de Publicação
País de publicação Portugal
200 1# - Título
Título próprio Os dez mandamentos dos contos
Primeira menção de responsabilidade Maria Teresa Meireles, Ana Maria Freitas
210 ## - Publicação, Distribuição
Lugar da edição, distribuição, etc. Lisboa
Nome do editor, distribuidor, etc. Apenas
Data da publicação, distribuição, etc. 2005
215 ## - Descrição física
Descrição física 92, [1] p.
675 ## - CDU
Notação 821.134.3-34.09
Edição BN
Língua da edição Português
700 #1 - Responsabilidade principal
Palavra de ordem Meireles
Outra parte do nome Maria Teresa
701 #1 - Co-responsabilidade principal
Koha Internal Code 20819
Código de função Autor
Palavra de ordem Freitas
Outra parte do nome Ana Maria
090 ## - Números de controlo do sistema (Koha)
Número biblioitem do Koha (gerado automaticamente) 26642
942 ## - Elementos de entrada adicionados (Koha)
Tipo de item no Koha Monografias
Suprimido Disponível no OPAC
999 ## - Campo local
Campo local 26642
-- Bibliobase - BMTAV
-- 2019-01-21
Exemplares
Removido (estado) Perdido (estado) Data de aquisição Origem do registo (biblioteca) (codificado) Código da organização que empresta ou é detentora (biblioteca) Código de barras Local Número de inventário Cota Tipo de circulação (não pode ser emprestado) Tipo de item e material
Disponível Disponível 2008-05-23 Biblioteca Municipal Álvaro de Campos Biblioteca Municipal Álvaro de Campos BMTAV44237 Depósito 44237 R2 MEI-D Normal Monografias